[Event "GER Pfingstopen U16"]
[Site "Playchess.com INT"]
[Date "2020.06.05"]
[Round "2"]
[White "Deutsch, Oliver"]
[Black "Kauschanski, Nicolas"]
[Result "0-1"]
[WhiteElo "1620"]
[BlackElo "1476"]
[PlyCount "94"]
[EventDate "2020.06.05"]
[EventType "swiss (blitz)"]
[EventRounds "11"]
[EventCountry "GER"]
[SourceTitle "CBM 197 Extra"]
[Source "ChessBase"]
[SourceDate "2020.09.30"]
[SourceVersion "1"]
[SourceVersionDate "2020.09.30"]
[SourceQuality "1"]

1. e4 e6 2. d4 d5 3. exd5 exd5 4. c4 c6 5. Nc3 Nf6 6. Nf3 Bd6 7. Bg5 Nbd7 8. cxd5 cxd5 9. Nxd5 h6 10. Bxf6 Nxf6 11. Nxf6+ Qxf6 12. Bb5+ Bd7 13. Qe2+ Qe7 14. Bxd7+ Kxd7 15. Qxe7+ Kxe7 16. 0-0 Rhe8 17. Rfe1+ Kf8 18. Re3 Be7 19. Rae1 Bb4 20. Rxe8+ Rxe8 21. Rxe8+ Kxe8 22. Kf1 Ke7 23. Ke2 Kd6 24. Ke3 Kd5 25. Ne5 f6 26. Nd3 Bd6 27. a3 Kc4 28. Kd2 Kxd4 29. Nb4 Bxb4+ 30. axb4 Kc4 31. Kc2 Kxb4 32. f3 a5 33. g4 g5 34. h3 a4 35. Kb1 Kb3 36. Ka1 b5 37. Kb1 b4 38. Ka1 Kc2 39. Ka2 Kd3 40. b3 axb3+ 41. Kxb3 Ke3 42. Kxb4 Kxf3 43. Kc5 Kg3 44. Kd6 Kxh3 45. Ke6 Kxg4 46. Kxf6 Kh5 47. Ke5 Kh4 0-1

[Event "Wiesbaden op 28th"]
[Site "Wiesbaden"]
[Date "2016.08.28"]
[Round "6"]
[White "Deutsch, Oliver"]
[Black "Bonrath, Werner"]
[Result "0-1"]
[WhiteElo "1456"]
[BlackElo "1552"]
[PlyCount "36"]
[EventDate "2016.08.25"]
[EventType "swiss"]
[EventRounds "7"]
[EventCountry "GER"]
[SourceTitle "CBM 174 Extra"]
[Source "ChessBase"]
[SourceDate "2016.10.10"]
[SourceVersion "1"]
[SourceVersionDate "2016.10.10"]
[SourceQuality "1"]

1. e4 c5 2. Nf3 d6 3. d4 cxd4 4. Nxd4 Nf6 5. Nc3 a6 6. Be3 e5 7. Nf3 Be6 8. Bd3 Be7 9. Qd2 Ng4 10. 0-0-0 Nxe3 11. Qxe3 Nc6 12. Rhe1 Bg4 13. Nd5 Bxf3 14. gxf3 Bg5 15. f4 exf4 16. Nxf4 Qf6 17. Kb1 Bxf4 18. Qf3 Nd4 0-1

[Event "Wiesbaden op 28th"]
[Site "Wiesbaden"]
[Date "2016.08.27"]
[Round "4"]
[White "Deutsch, Oliver"]
[Black "Giesselbach, Christian"]
[Result "1/2-1/2"]
[WhiteElo "1456"]
[BlackElo "1588"]
[PlyCount "34"]
[EventDate "2016.08.25"]
[EventType "swiss"]
[EventRounds "7"]
[EventCountry "GER"]
[SourceTitle "CBM 174 Extra"]
[Source "ChessBase"]
[SourceDate "2016.10.10"]
[SourceVersion "1"]
[SourceVersionDate "2016.10.10"]
[SourceQuality "1"]

1. e4 c6 2. d4 d5 3. exd5 cxd5 4. Bd3 Nc6 5. c3 Nf6 6. h3 e6 7. Bf4 Bd6 8. Bxd6 Qxd6 9. Nf3 0-0 10. 0-0 e5 11. dxe5 Nxe5 12. Nxe5 Qxe5 13. Re1 Qg5 14. Qf3 Bd7 15. Qe3 Qxe3 16. Rxe3 Rfe8 17. Rxe8+ Rxe8 1/2-1/2

[Event "Wiesbaden op 28th"]
[Site "Wiesbaden"]
[Date "2016.08.25"]
[Round "1"]
[White "Launert, Martin"]
[Black "Deutsch, Oliver"]
[Result "1-0"]
[WhiteElo "1880"]
[BlackElo "1456"]
[PlyCount "41"]
[EventDate "2016.08.25"]
[EventType "swiss"]
[EventRounds "7"]
[EventCountry "GER"]
[SourceTitle "CBM 174 Extra"]
[Source "ChessBase"]
[SourceDate "2016.10.10"]
[SourceVersion "1"]
[SourceVersionDate "2016.10.10"]
[SourceQuality "1"]

1. e4 e5 2. Nf3 Nc6 3. Bb5 a6 4. Ba4 Nf6 5. 0-0 Be7 6. Re1 d6 7. c3 b5 8. Bb3 Na5 9. Bc2 c5 10. d4 Qc7 11. Nbd2 0-0 12. Nf1 Bd7 13. d5 Rfe8 14. Ng3 Rad8 15. Nh4 Nb7 16. Nhf5 Bxf5 17. Nxf5 g6 18. Nh6+ Kf8 19. Qf3 Qd7 20. g4 Ng8 21. Qxf7# 1-0

[Event "Rhein Main op-B 19th"]
[Site "Bad Homburg"]
[Date "2016.05.28"]
[Round "6"]
[White "Deutsch, Oliver"]
[Black "Ebeling, Gereon"]
[Result "1/2-1/2"]
[WhiteElo "1469"]
[BlackElo "973"]
[PlyCount "136"]
[EventDate "2016.05.25"]
[EventType "swiss"]
[EventRounds "7"]
[EventCountry "GER"]
[SourceTitle "EXT 2017"]
[Source "ChessBase"]
[SourceDate "2016.10.25"]
[SourceVersion "1"]
[SourceVersionDate "2016.10.25"]
[SourceQuality "1"]

1. e4 e5 2. Nf3 Nc6 3. Bc4 Bc5 4. Nc3 d6 5. h3 Be6 6. Bb3 Nf6 7. d3 h6 8. Be3 Bb6 9. d4 exd4 10. Nxd4 Nxd4 11. Bxd4 Ba5 12. 0-0 0-0 13. Qe2 Qe7 14. f4 Bxb3 15. axb3 Bxc3 16. bxc3 Qxe4 17. Qxe4 Nxe4 18. Rfe1 d5 19. c4 c6 20. cxd5 cxd5 21. c4 Nd2 22. cxd5 Nxb3 23. Ra4 Rfd8 24. Re5 Nxd4 25. Rxd4 a5 26. d6 a4 27. Re2 a3 28. Ra2 Rd7 29. Rd3 Ra6 30. Raxa3 Rxa3 31. Rxa3 Rxd6 32. Rb3 Rd7 33. Kf2 Kf8 34. Kf3 Ke8 35. Ke4 Kd8 36. Ke5 Kc8 37. g4 Rc7 38. g5 hxg5 39. fxg5 Rc6 40. Rf3 Rc5+ 41. Kd4 Rxg5 42. Rxf7 Rg3 43. Kc5 Rxh3 44. Rxg7 Rc3+ 45. Kb6 Rc6+ 46. Kb5 Kb8 47. Rg8+ Ka7 48. Rg7 Rf6 49. Kb4 Rf5 50. Kb3 Rf4 51. Rg5 Ka6 52. Rg6+ b6 53. Rg5 b5 54. Kb2 Rf3 55. Kb1 Rf2 56. Rg3 Ka5 57. Rg7 Ka4 58. Rh7 b4 59. Rg7 Ka3 60. Rg3+ b3 61. Rg1 Rf3 62. Rh1 Rf2 63. Rg1 Rb2+ 64. Ka1 Ra2+ 65. Kb1 Rf2 66. Rh1 Kb4 67. Rh4+ Ka3 68. Rh1 Rg2 1/2-1/2

[Event "Hessen-ch U10"]
[Site "Bad Homburg"]
[Date "2015.03.29"]
[Round "5"]
[White "Kirchner, Markus"]
[Black "Deutsch, Oliver"]
[Result "1-0"]
[WhiteElo "1633"]
[BlackElo "842"]
[PlyCount "95"]
[EventDate "2015.03.27"]
[EventType "swiss"]
[EventRounds "7"]
[EventCountry "GER"]
[SourceTitle "EXT 2017"]
[Source "ChessBase"]
[SourceDate "2016.10.25"]
[SourceVersion "1"]
[SourceVersionDate "2016.10.25"]
[SourceQuality "1"]

1. e4 e5 2. Nf3 Nc6 3. Bc4 Nf6 4. Ng5 d5 5. exd5 Nxd5 6. Qh5 g6 7. Qf3 Be6 8. Nxe6 fxe6 9. Nc3 Nd4 10. Qd1 Nb4 11. Bb3 Qd7 12. 0-0 Nd5 13. Ne4 0-0-0 14. d3 Bd6 15. c3 Nf5 16. Qg4 Rdf8 17. Ba4 Qxa4 18. Nxd6+ Nxd6 19. Qxa4 Kb8 20. c4 Nb6 21. Qc2 Nd7 22. Be3 b6 23. Rac1 Rd8 24. c5 Rc8 25. cxd6 cxd6 26. Qb3 Nc5 27. Bxc5 Rxc5 28. Rxc5 dxc5 29. Qxe6 Rd8 30. Qxe5+ Kc8 31. Qe6+ Kb8 32. Qe4 Rd4 33. Qxd4 cxd4 34. Rc1 Kb7 35. b4 Ka6 36. a4 b5 37. a5 g5 38. h4 gxh4 39. f4 h3 40. g4 h2+ 41. Kxh2 h5 42. g5 h4 43. g6 h3 44. g7 Kb7 45. g8R Ka6 46. Rg6+ Kb7 47. a6+ Kb8 48. Rg8# 1-0

[Event "Hessen-ch U10"]
[Site "Bad Homburg"]
[Date "2015.03.27"]
[Round "1"]
[White "Deutsch, Oliver"]
[Black "Bethke, Richard"]
[Result "0-1"]
[WhiteElo "842"]
[BlackElo "1655"]
[PlyCount "72"]
[EventDate "2015.03.27"]
[EventType "swiss"]
[EventRounds "7"]
[EventCountry "GER"]
[SourceTitle "EXT 2017"]
[Source "ChessBase"]
[SourceDate "2016.10.25"]
[SourceVersion "1"]
[SourceVersionDate "2016.10.25"]
[SourceQuality "1"]

1. e4 e5 2. Nf3 Nc6 3. Bc4 Bc5 4. Nc3 Nf6 5. d3 0-0 6. Bg5 Be7 7. 0-0 d6 8. h3 Be6 9. Qd2 Bxc4 10. dxc4 Qd7 11. Qe3 h6 12. Bxf6 Bxf6 13. Nd5 Be7 14. Rad1 f5 15. Nd2 f4 16. Qf3 Nd4 17. Qg4 Qxg4 18. hxg4 Bd8 19. c3 Ne6 20. g3 a5 21. gxf4 exf4 22. Nf3 c6 23. a3 cxd5 24. cxd5 Ng5 25. Nxg5 Bxg5 26. Rfe1 Bf6 27. Re2 f3 28. Re3 Bg5 29. Ree1 Rf4 30. Kf1 Rxg4 31. Rd3 Rf8 32. e5 Rh4 33. Kg1 Bd2 34. Rxd2 Rf5 35. Re3 Rg5+ 36. Kf1 Rh1# 0-1